Pharmaceuticals
Guardat en:
| Autor principal: | |
|---|---|
| Format: | Llibre |
| Idioma: | anglès |
| Publicat: |
Ishwar Books
2020
|
| Etiquetes: |
Afegir etiqueta
Sense etiquetes, Sigues el primer a etiquetar aquest registre!
|
MARC
| LEADER | 00000nam a22000007a 4500 | ||
|---|---|---|---|
| 008 | 230807b |||||||| |||| 00| 0 eng d | ||
| 020 | |a 9789386777027 | ||
| 100 | |a KUMAR, Sumant | ||
| 245 | |a Pharmaceuticals |c Sumant Kunar |g vi,280p; ill | ||
| 260 | |b Ishwar Books |c 2020 |h New Delhi |i 700338 |i 700339 |l RS201.K96 |m Drugs- Dosage forms |m Pharmacology |m Pharmaceutical industry- Quality control | ||
| 500 | |a it includes index | ||
| 942 | |a lcc |c BK |e Johnson |f 07/08/23 | ||
| 952 | |0 0 |1 0 |2 lcc |4 0 |6 RS0201 K96 |7 0 |9 4343 |a PL |b HOL |c QZ |d 2023-08-07 |l 0 |o RS201.K96 |p 2023-0268 |r 2023-08-07 00:00:00 |t 700338 |w 2023-08-07 |y BK | ||
| 952 | |0 0 |1 0 |2 lcc |4 0 |6 RS0201 K96 |7 0 |9 4344 |a HOL |b HOL |c QZ |d 2023-08-07 |l 0 |o RS201.K96 |p 2023-0269 |r 2023-08-07 00:00:00 |t 700339 |w 2023-08-07 |y BK | ||
| 999 | |c 2182 |d 2182 | ||